Born in Linköping - Statistics

General Stats
  • This quiz has been taken 7 times
  • The average score is 3 of 5
Answer Stats
Hint Answer % Correct
Academy Award and Golden Globe winning composer and producer, "Oppenheimer" "Black Panther" "Tenet" 1984 Ludwig Göransson
80%
Ice hockey defenceman who plays for the Florida Panthers 1996 Gustav Forsling
60%
Former bicycle racer who won Paris-Roubaix in 2004 and first Swede to win a Tour de France stage 1975 Magnus Bäckstedt
60%
Former tennis player who won the Australian Open 2002 1975 Thomas Johansson
60%
Swedish-American actress, "Fear the Walking Dead" "The Rookie" 1982 Mercedes Mason
40%
No matching quizzes found
Score Distribution
Percent of People with Each Score
Percentile by Number Answered
Your Score History
You have not taken this quiz